| 000 | 00383nam a22001457a 4500 | ||
|---|---|---|---|
| 999 |
_c15639 _d15639 |
||
| 003 | OSt | ||
| 008 | 190522b ||||| |||| 00| 0 eng d | ||
| 020 | _a9789350304860 | ||
| 082 |
_a664 _bELL/BA |
||
| 100 |
_aEllison, Max. _94124 |
||
| 245 | _aBasics Of Food Biochemistry and Microbiology | ||
| 260 |
_aJaipur & New Delhi _bOxford Book Company _c2019 |
||
| 300 | _a256 p. | ||
| 942 | _cBK | ||